Quarterly report on employment in the public sector (Record no. 495539)

000 -LEADER
fixed length control field 00611cam a22000977a 4500
008 - FIXED-LENGTH DATA ELEMENTS--GENERAL INFORMATION
fixed length control field 180718b1960 It October to 31st December 1959, Ist Apriil to 30th June 1959 Ist July to 30th Sepember 1959 ist October to 31st December 1959 xxu||||| |||| 00| 0 eng d
082 ## - DEWEY DECIMAL CLASSIFICATION NUMBER
Classification number R11x54
245 ## - TITLE STATEMENT
Title Quarterly report on employment in the public sector
Statement of responsibility, etc. by Ministry of Labour and Employment
260 ## - PUBLICATION, DISTRIBUTION, ETC.
Place of publication, distribution, etc. New Delhi
Name of publisher, distributor, etc. National Emploment Service
Date of publication, distribution, etc. 1960 It October to 31st December 1959, Ist Apriil to 30th June 1959 Ist July to 30th Sepember 1959 ist October to 31st December 1959
700 ## - ADDED ENTRY--PERSONAL NAME
Personal name India. Ministry of Labour and Employment
Holdings
Withdrawn status Lost status Damaged status Not for loan Permanent Location Current Location Date acquired Full call number Barcode Date last seen Price effective from Koha item type
        Indian Institute of Public Administration Indian Institute of Public Administration 2018-08-04 R11x54 GG3418 2018-08-04 2018-08-04 GG

Powered by Koha